Catálogo - Centro de Recursos para el Aprendizaje y la Investigación
Volver al Sitio - CRAI Biblioteca| 000 -CABECERA | |
|---|---|
| campo de control de longitud fija | 02085nam a2200289 4500 |
| 001 - NÚMERO DE CONTROL | |
| campo de control | 114440 |
| 003 - IDENTIFICADOR DEL NÚMERO DE CONTROL | |
| campo de control | DR-UNIBE |
| 005 - FECHA Y HORA DE LA ÚLTIMA TRANSACCIÓN | |
| campo de control | 20260311144152.0 |
| 008 - DATOS DE LONGITUD FIJA--INFORMACIÓN GENERAL | |
| campo de control de longitud fija | 260311b2005 dr ||||| |||| 00| 0 spa d |
| 040 ## - FUENTE DE LA CATALOGACIÓN | |
| Centro catalogador/agencia de origen | BIBLIOTECA UNIBE |
| Lengua de catalogación | spa22 |
| Centro/agencia transcriptor | BIBLIOTECA UNIBE |
| 041 ## - CÓDIGO DE LENGUA | |
| Código de lengua del texto/banda sonora o título independiente | spa |
| 082 ## - NÚMERO DE LA CLASIFICACIÓN DECIMAL DEWEY | |
| Número de edición | 22 |
| Número de clasificación | RD 972.93053 C737d 2005 |
| 245 00 - MENCIÓN DE TÍTULO | |
| Título | Complot develado |
| 250 ## - MENCIÓN DE EDICIÓN | |
| Mención de edición | Segunda edición |
| 260 ## - PUBLICACIÓN, DISTRIBUCIÓN, ETC. | |
| Lugar de publicación, distribución, etc. | Santo Domingo : |
| Nombre del editor, distribuidor, etc. | Fundación Testimonio, Inc., |
| Fecha de publicación, distribución, etc. | 2005 |
| 300 ## - DESCRIPCIÓN FÍSICA | |
| Extensión | 364 páginas : |
| Otras características físicas | ilustraciones, retratos (blanco y negro) ; |
| Dimensiones | 23 cm |
| 490 ## - MENCIÓN DE SERIE | |
| Mención de serie | Fundación Testimonio ; |
| Designación de volumen o secuencia | 1 |
| 505 0# - NOTA DE CONTENIDO CON FORMATO | |
| Nota de contenido con formato | Prólogo |<br/>Capítulo I. El patíbulo insular, 7 --<br/>Capítulo II. La oscura noche sin tregua |<br/>Capítulo III. Entre la espada y el muro |<br/>Capítulo IV. Breve prontuario de un criminal trujillista |<br/>Capítulo V. Colofón |<br/>¡Complot develado! |<br/>Introducción |<br/>Quién es el autor |<br/>Capítulo I. La tumultuosa cuenca del Caribe |<br/>Capítulo II. Primeros trabajos: intervención de miembro del clero en la formación de los primeros cuadros entre el estudiantado |<br/>Capítulo III. Generalización de movimiento |<br/>Capítulo IV. Contribución de personas beneficiarias, política y económicamente, del gobierno en el financiamiento y actividades del movimiento |<br/>Capítulo V. Un aspecto en el movimiento |<br/>Capítulo VI. Contactos con el exterior: la intervención extranjera: nueva agresión de los gobiernos de Cuba y Venezuela |<br/>Capítulo VII. Idea y proyecto de una plataforma política |<br/>Índice de nombres<br/> |
| 610 24 - PUNTO DE ACCESO ADICIONAL DE MATERIA--NOMBRE DE ENTIDAD CORPORATIVA | |
| Nombre de entidad corporativa o nombre de jurisdicción como elemento de entrada | Movimiento Revolucionario 14 de junio (República Dominicana) |
| 9 (RLIN) | 203165 |
| 650 #7 - PUNTO DE ACCESO ADICIONAL DE MATERIA--TÉRMINO DE MATERIA | |
| Fuente del encabezamiento o término | lemb |
| Término de materia o nombre geográfico como elemento de entrada | Actividades clandestinas |
| Subdivisión geográfica | República Dominicana |
| Subdivisión general | Historia |
| Subdivisión cronológica | Siglo XX |
| 9 (RLIN) | 203171 |
| 650 #7 - PUNTO DE ACCESO ADICIONAL DE MATERIA--TÉRMINO DE MATERIA | |
| Fuente del encabezamiento o término | lemb |
| Término de materia o nombre geográfico como elemento de entrada | Movimientos revolucionarios |
| Subdivisión geográfica | República Dominicana |
| 9 (RLIN) | 10455 |
| 650 #7 - PUNTO DE ACCESO ADICIONAL DE MATERIA--TÉRMINO DE MATERIA | |
| Fuente del encabezamiento o término | lemb |
| Término de materia o nombre geográfico como elemento de entrada | Revolucionarios |
| Subdivisión geográfica | República Dominicana |
| 9 (RLIN) | 10453 |
| 651 #7 - PUNTO DE ACCESO ADICIONAL DE MATERIA--NOMBRE GEOGRÁFICO | |
| Fuente del encabezamiento o término | lemb |
| Nombre geográfico | República Dominicana |
| Subdivisión general | Política y gobierno |
| -- | Historia |
| Subdivisión cronológica | Era de Trujillo, 1930-1961 |
| 9 (RLIN) | 203167 |
| 653 ## - TÉRMINO DE INDIZACIÓN--NO CONTROLADO | |
| Término no controlado | Movimiento popular dominicano |
| 700 1# - PUNTO DE ACCESO ADICIONAL--NOMBRE DE PERSONA | |
| Nombre de persona | Valera Benítez, Rafael, |
| Fechas asociadas al nombre | 1928-2001 |
| Término indicativo de función/relación | prologuista |
| 9 (RLIN) | 203168 |
| 942 ## - ELEMENTOS DE PUNTO DE ACCESO ADICIONAL (KOHA) | |
| Fuente del sistema de clasificación o colocación | Sistema de Clasificación Decimal Dewey |
| Tipo de ítem Koha | Libro (general) |
| Estado de retiro | Estado de pérdida | Fuente del sistema de clasificación o colocación | No para préstamo | Código de colección | Localización permanente | Fecha de adquisición | Total de préstamos | Signatura topográfica completa | Código de barras | Fecha visto por última vez | Número de copia | Precio válido a partir de | Tipo de ítem Koha |
|---|---|---|---|---|---|---|---|---|---|---|---|---|---|
| Disponible | Sistema de Clasificación Decimal Dewey | General - Libros dominicanos | Biblioteca Central UNIBE | 09/01/2026 | RD 972.93053 C737d_2005 | 260173 | 11/03/2026 | Ej. 1 | 11/03/2026 | Libro (general) |